000 00626nam a22002297a 4500
003 ARcadia
005 20140310181739.0
008 130322t xxu||||| |||| 00| 0 eng d
020 _a0679643230 (alk. paper)
050 _aBR 305.3
_b.C64 2006
082 _aTR 270.6
_bC69 2006
100 _aCollinson, Patrick
_9961
245 _aThe Reformation :
_ba history /
_cPatrick Collinson
250 _aModern Library ed.
260 _aNew York :
_bModern Library,
_cc2004.
300 _a238 p. :
_c19 cm.
521 _aFaculty
541 _j1
562 _e1
650 _aReformation.
_9962
942 _2lcc
_cBK-TR
_kTR
999 _c2697
_d2697